Daň z príjmov v roku 2025

Zlepšenie verejných financií. To je hlavným cieľom zákona č. 278/2024 Z. z., ktorým sa menia a dopĺňajú niektoré zákony v súvislosti s ďalším zlepšovaním stavu verejných financií („konsolidačný zákon“), ktorý schválila Národná rada SR 3. októbra 2024. Samotný názov zákona definuje jasne, čo má byť j...

Descrizione completa

Salvato in:
Dettagli Bibliografici
Autore principale: Mušková, Lea
Natura: Capitolo di libro
Lingua:slovacco
Soggetti:
Tags: Aggiungi Tag
Nessun Tag, puoi essere il primo ad aggiungerne!!

MARC

LEADER 00000naa a2200000 4500
001 0307985
005 20250404102423.5
041 0 |a slo 
044 |a SK 
245 1 0 |a Daň z príjmov v roku 2025  |c Lea Mušková 
520 |a Zlepšenie verejných financií. To je hlavným cieľom zákona č. 278/2024 Z. z., ktorým sa menia a dopĺňajú niektoré zákony v súvislosti s ďalším zlepšovaním stavu verejných financií („konsolidačný zákon“), ktorý schválila Národná rada SR 3. októbra 2024. Samotný názov zákona definuje jasne, čo má byť jeho prioritou. Kľúčové zmeny, ich pozitíva aj negatíva. 
610 2 0 |a dane z príjmov 
610 2 0 |a financie verejné 
610 2 0 |a zákony 
610 2 0 |a novelizácia 
610 2 0 |a legislatíva 
100 1 |a Mušková, Lea